[Event "Club Championship 2022 B"]
[Site "Wellington Chess Club"]
[Date "2022.11.03"]
[Round "6.2"]
[White "Young, Cohen"]
[Black "Benitez, Edgar"]
[Result "1/2-1/2"]
[WhiteElo "1931"]
[BlackElo "1952"]

1. e4 e6 2. d4 d5 3. Nc3 Nf6 4. Bg5 h6 5. Bxf6 Qxf6 6. exd5 Bb4 7. Bb5+ c6 8.
dxc6 Nxc6 9. Nf3 Bd7 10. O-O Bxc3 11. bxc3 O-O 12. Rb1 Rfd8 13. Bd3 b6 14. Re1
Rac8 15. Re3 Be8 16. Qe2 Rc7 17. Nd2 Na5 18. h3 Bc6 19. Nb3 Nb7 20. c4 Nd6 21.
c3 Nf5 22. Re5 Nh4 23. d5 exd5 24. cxd5 Bd7 25. c4 Kf8 26. Re1 Rcc8 27. Re3 Re8
28. Nd2 Qg5 29. g4 h5 30. Ne4 Qf4 31. gxh5 f5 32. Ng3 Rxe3 33. Qxe3 Qxe3 34.
Rxe3 f4 35. Re4 fxg3 36. Rxh4 gxf2+ 37. Kxf2 Ke7 38. h6 Rf8+ 39. Ke3 gxh6 40.
Rxh6 Rg8 41. Be4 Rg3+ 42. Kf4 Rxh3 43. Rxh3 Bxh3 44. Ke5 Bf1 45. d6+ Kd8 46.
Kd5 Be2 47. a4 Bd1 48. a5 Ba4 49. a6 Kd7 50. Bf5+ Kd8 51. Be6 Be8 52. Kd4
1/2-1/2

[Event "Club Championship 2022 Swiss"]
[Site "Wellington Chess Club"]
[Date "2022.11.03"]
[Round "6.1"]
[White "Sole, Michael"]
[Black "Henrys, Francis"]
[Result "1-0"]
[WhiteElo "2149"]
[BlackElo "1500"]

1. e4 e5 2. Nf3 Nc6 3. Bb5 Bc5 4. c3 Nf6 5. d4 exd4 6. e5 Ne4 7. O-O O-O 8.
cxd4 Bb6 9. d5 Ne7 10. Bd3 f5 11. exf6 Nxf6 12. Nc3 d6 13. Qc2 h6 14. Rd1 Bg4
15. Be2 c6 16. dxc6 bxc6 17. Bf4 d5 18. h3 Bh5 19. Bg3 Qe8 20. Re1 Bg6 21. Bd3
Bxd3 22. Qxd3 Qg6 23. Qxg6 Nxg6 24. Re6 Rac8 25. Na4 Kh7 26. Rc1 c5 27. Nxb6
axb6 28. Rxb6 Ne4 29. Rb5 Nf4 30. Bxf4 Rxf4 31. b4 d4 32. Nxd4 Nd6 33. Rbxc5
Rxc5 34. bxc5 Rxd4 35. cxd6 Rxd6 36. Rc2 1-0

[Event "Club Championship 2022 Swiss"]
[Site "Wellington Chess Club"]
[Date "2022.11.03"]
[Round "6.2"]
[White "Enegbuma, Wallace"]
[Black "Symon, Chris"]
[Result "1-0"]
[WhiteElo "1841"]
[BlackElo "1863"]

1. e4 c5 2. Bc4 Nc6 3. a3 Nf6 4. d3 g6 5. Nf3 d6 6. Nc3 Bg7 7. h3 O-O 8. Be3 e6
9. Bf4 Re8 10. O-O a6 11. Qd2 b5 12. Ba2 Bb7 13. Bh6 Bh8 14. Ng5 d5 15. f3 Ne7
16. g4 Nd7 17. Qf4 Ne5 18. Qg3 Qb6 19. f4 Nd7 20. f5 exf5 21. gxf5 Be5 22. Qh4
c4+ 23. Kg2 dxe4 24. dxc4 Nxf5 25. Rxf5 gxf5 26. c5 Qf6 27. Bxf7+ Kh8 28. Nd5
Bxd5 29. Bxd5 Rg8 30. Bxa8 Rxa8 31. Rd1 Qe7 32. c6 Nb6 33. Qh5 Rg8 34. Kh1 Rxg5
35. Bxg5 Bf6 36. Bxf6+ Qxf6 37. c7 Qe6 38. Qg5 1-0

[Event "Club Championship 2022 Swiss"]
[Site "Wellington Chess Club"]
[Date "2022.11.03"]
[Round "6.3"]
[White "Webster, Jamie"]
[Black "Lavender, Ariel"]
[Result "1-0"]
[WhiteElo "1702"]
[BlackElo "1485"]

1. e4 c5 2. Nc3 e6 3. Nf3 Nc6 4. d4 cxd4 5. Nxd4 Bc5 6. Nb3 Be7 7. Be3 a6 8.
Be2 Nf6 9. O-O O-O 10. f4 d6 11. Nd4 e5 12. Nf5 Nxe4 13. Nxe7+ Qxe7 14. Nxe4
exf4 15. Rxf4 g5 16. Nf6+ Kg7 17. Nd5 Qe5 18. Bd4 Nxd4 19. Rxd4 Be6 20. Bc4
Rac8 21. Bb3 f5 22. Qd2 f4 23. Re1 Qf5 24. Ne7 Qg4 25. Bxe6 1-0

[Event "Club Championship 2022 Swiss"]
[Site "Wellington Chess Club"]
[Date "2022.11.03"]
[Round "6.4"]
[White "Saglam, Yigit"]
[Black "Ashe, Michael"]
[Result "0-1"]
[WhiteElo "1500"]
[BlackElo "1680"]

1. c4 e5 2. Nc3 Nf6 3. e4 c6 4. g3 d5 5. cxd5 cxd5 6. exd5 Nxd5 7. d4 Nxc3 8.
bxc3 exd4 9. Qxd4 Qxd4 10. cxd4 Bb4+ 11. Bd2 Bxd2+ 12. Kxd2 O-O 13. Bg2 Rd8 14.
Ne2 Nd7 15. Rhd1 Nf6 16. Ke1 Nd5 17. Rac1 Rb8 18. Nc3 Be6 19. Nxd5 Bxd5 20.
Bxd5 Rxd5 21. Ke2 Kf8 22. Rc7 Ke8 23. Kd3 Rd7 24. Rdc1 Kd8 25. R7c4 b6 26. a4
g6 27. R1c2 Rbb7 28. Rc8+ Ke7 29. Ke4 Rd6 30. h4 Rbd7 31. R8c4 f5+ 32. Kd3 Ke6
33. Re2+ Kf6 34. f4 h5 35. Re5 Rd5 36. Rc6+ R5d6 37. Rxd6+ Rxd6 38. d5 Rd7 39.
Kd4 Kf7 40. Re6 Rc7 41. Rc6 Rxc6 42. dxc6 Ke6 43. Kc4 Kd6 44. Kb5 Kc7 45. Ka6
Kxc6 46. Kxa7 b5 47. axb5+ Kxb5 48. Kb7 Kc5 49. Kc7 Kd5 50. Kd7 Ke4 51. Ke6 Kf3
52. Kf6 Kxg3 53. Kxg6 Kxf4 54. Kxh5 Ke4 55. Kg5 f4 56. h5 f3 57. h6 f2 58. h7
f1=Q 59. Kg6 Qf8 0-1

[Event "Club Championship 2022 Swiss"]
[Site "Wellington Chess Club"]
[Date "2022.11.03"]
[Round "6.5"]
[White "Loke, Kayden"]
[Black "McConnell, Jack"]
[Result "1-0"]
[WhiteElo "1974"]
[BlackElo "1410"]

1. e4 c5 2. Nf3 e6 3. c3 d5 4. exd5 exd5 5. d4 Nc6 6. Bf4 Nf6 7. Bb5 Bd6 8. Ne5
O-O 9. Bxc6 bxc6 10. Nxc6 Re8+ 11. Kf1 Qc7 12. Bxd6 Qxc6 13. Bxc5 Qe6 14. Nd2
Ng4 15. Kg1 Nxf2 16. Qf1 Nxh1 17. Kxh1 Qh6 18. Nf3 a5 19. Ne5 f6 20. Nc6 Ba6
21. Qf5 Qe3 22. Ne7+ Rxe7 23. Bxe7 Re8 24. Qxd5+ Kh8 25. Qc6 Qxe7 26. Qxa6 Qe1+
27. Qf1 Qxf1+ 28. Rxf1 Re2 29. d5 Kg8 30. Rb1 Kf7 31. h3 Ke7 32. b4 axb4 33.
Rxb4 Rxa2 34. Rb7+ Kd6 35. Rxg7 Kxd5 36. Rxh7 Rc2 37. Rc7 Ke4 38. Kh2 Kf5 39.
h4 Kg4 40. Rc4+ Kf5 41. Kh3 Kg6 42. Rc5 Kh6 43. g3 f5 44. Rc6+ Kh5 45. c4 f4
46. g4# 1-0

[Event "Club Championship 2022 Swiss"]
[Site "Wellington Chess Club"]
[Date "2022.11.03"]
[Round "6.6"]
[White "Malcolm, Aidan"]
[Black "Keith, Matthew"]
[Result "0-1"]
[WhiteElo "1780"]
[BlackElo "1500"]

1. b4 e5 2. Bb2 Bxb4 3. Bxe5 Nf6 4. Nf3 Nc6 5. Bb2 O-O 6. e3 d6 7. a4 Be6 8.
Be2 Ne4 9. O-O f5 10. d4 d5 11. Nbd2 Ne7 12. Nxe4 fxe4 13. Ne5 Bd6 14. Bg4 Qc8
15. f3 Bxe5 16. Bxe6+ Qxe6 17. dxe5 exf3 18. Rxf3 Rxf3 19. Qxf3 Rf8 20. Qe2 Ng6
21. e4 Qb6+ 22. Kh1 Qxb2 23. Rd1 Qxe5 24. h3 Qxe4 25. Qh5 Nf4 26. Qg4 Qxc2 27.
Rf1 Qxg2+ 0-1

[Event "Club Championship 2022 Swiss"]
[Site "Wellington Chess Club"]
[Date "2022.11.03"]
[Round "6.7"]
[White "Katkodia, Ali"]
[Black "Carlyle, Mathieson"]
[Result "1-0"]
[WhiteElo "1500"]
[BlackElo "1532"]

1. e4 e6 2. Nf3 d5 3. exd5 exd5 4. d4 Nf6 5. Bd3 Bd6 6. Qe2+ Be6 7. Ng5 Qe7 8.
Nxe6 Qxe6 9. Qxe6+ fxe6 10. O-O Nbd7 11. Re1 e5 12. dxe5 Nxe5 13. f4 Bc5+ 14.
Kh1 Ng4 15. h3 Nf2+ 16. Kh2 O-O 17. fxe5 Rae8 18. Nd2 Bd6 19. Nf3 Nxd3 20. cxd3
Bb4 21. Bd2 Bxd2 22. Nxd2 Rf2 23. Rad1 Re6 24. Kg1 Rf4 25. Nf3 Rg6 26. Kh1 Rb4
27. b3 Re6 28. Ng5 Rg6 29. e6 Kf8 30. Rf1+ Ke8 31. Rde1 Rxg5 32. e7 Re4 33.
dxe4 Kxe7 34. exd5+ Kd6 35. g4 b5 36. b4 a6 37. Rc1 Rxd5 38. Rcd1 c5 39. bxc5+
Kxc5 40. Rxd5+ Kxd5 41. Rf7 a5 42. Rxg7 Kc4 43. Rxh7 1-0

[Event "Club Championship 2022 Swiss"]
[Site "Wellington Chess Club"]
[Date "2022.11.03"]
[Round "6.8"]
[White "Ulm, Joy"]
[Black "Marney, John"]
[Result "1-0"]
[WhiteElo "1500"]
[BlackElo "1692"]

1. d4 d5 2. c4 e6 3. Nc3 Nf6 4. Bg5 Be7 5. cxd5 exd5 6. e3 c6 7. Bd3 Nbd7 8.
Nf3 O-O 9. O-O Re8 10. Qc2 Nf8 11. Rab1 Be6 12. b4 a6 13. Na4 N6d7 14. Bxe7
Qxe7 15. Nc5 Nxc5 16. bxc5 Rad8 17. Rb3 h6 18. Rfb1 Bc8 19. Bf5 Ne6 20. Ne5 Qf6
21. Bg4 Qe7 22. Nd3 Nxd4 23. exd4 Bxg4 24. Rxb7 Qe2 25. Qxe2 Rxe2 26. Ne5 Bf5
27. Ra1 Re8 28. h3 f6 29. Nxc6 Re1+ 30. Rxe1 Rxe1+ 31. Kh2 Bd3 32. Ne7+ Kh7 33.
Nxd5 Bc4 34. Ne3 Bxa2 35. c6 Rc1 36. c7 Be6 37. d5 Bc8 38. Ra7 Kg6 39. d6 f5
40. Rxa6 Bxa6 41. d7 Rxc7 42. d8=Q Rf7 43. Qe8 Bd3 44. g4 Kf6 45. Nxf5 Bxf5 46.
gxf5 Re7 47. Qg6+ Ke5 48. Kg3 1-0

[Event "Club Championship 2022 Swiss"]
[Site "Wellington Chess Club"]
[Date "2022.11.03"]
[Round "6.9"]
[White "Lawrence, Hugo"]
[Black "Shepherd, Blake"]
[Result "1-0"]
[WhiteElo "1629"]
[BlackElo "1497"]

1. d4 Nf6 2. c4 e5 3. dxe5 Ng4 4. Bf4 Nc6 5. Nf3 Bb4+ 6. Nbd2 Qe7 7. a3 Ngxe5
8. e3 Nxf3+ 9. gxf3 Bxd2+ 10. Qxd2 d6 11. Rg1 Ne5 12. Be2 Qf6 13. O-O-O Bd7 14.
Bg5 Qe6 15. f4 Ba4 16. fxe5 Bxd1 17. Qxd1 dxe5 18. Qa4+ c6 19. Qb4 b6 20. Bg4
f5 21. Bxf5 Qf7 22. Rd1 c5 23. Qb5+ Kf8 24. e4 g6 25. Rd7 Qe8 26. Bh6+ Kg8 27.
Rg7+ Kf8 28. Bd7 Qd8 29. Qc6 Rb8 30. Qd6+ 1-0

[Event "Club Championship 2022 Swiss"]
[Site "Wellington Chess Club"]
[Date "2022.11.03"]
[Round "6.10"]
[White "Brockway, Andrew"]
[Black "Hupert, Leo"]
[Result "1-0"]
[WhiteElo "1684"]
[BlackElo "1385"]

1. e4 e5 2. Nf3 Nc6 3. Bb5 a6 4. Bxc6 bxc6 5. O-O d6 6. d4 Bg4 7. dxe5 Bxf3 8.
Qxf3 dxe5 9. Nc3 Qf6 10. Qg3 h6 11. Be3 Bd6 12. f3 g5 13. Rad1 Qe7 14. Qh3 Bc5
15. Bxc5 Qxc5+ 16. Kh1 Qe7 17. Rd2 Nf6 18. Rfd1 Qe6 19. Qxe6+ fxe6 20. Na4 g4
21. Nc5 O-O 22. Nxe6 Rf7 23. Nd8 gxf3 24. Nxf7 Nxe4 25. Nxh6+ Kh7 26. Ng4 Nxd2
27. Rxd2 fxg2+ 28. Kxg2 Rg8 29. h3 Rg5 30. Re2 e4 31. Rxe4 Rc5 32. Re2 Ra5 33.
a3 Rb5 34. b3 a5 35. a4 Rb6 36. Re7+ Kg6 37. Rxc7 Kf5 38. Re7 Kf4 39. Re5 Ra6
40. Rc5 Ke4 41. Nf2+ Kd4 42. Nd3 Rb6 43. h4 1-0

[Event "Club Championship 2022 Swiss"]
[Site "Wellington Chess Club"]
[Date "2022.11.03"]
[Round "6.11"]
[White "Scott, Callum"]
[Black "Wang, Timothy"]
[Result "1/2-1/2"]
[WhiteElo "1652"]
[BlackElo "1500"]

1. e4 c5 2. Nf3 d6 3. d4 cxd4 4. Nxd4 Bd7 5. Nc3 Nc6 6. Be2 Nf6 7. O-O g6 8.
Re1 Bg7 9. Nf3 O-O 10. e5 dxe5 11. Bb5 a6 12. Bxc6 Bxc6 13. Qxd8 Raxd8 14. Nxe5
e6 15. Nxc6 bxc6 16. Bf4 Nd5 17. Nxd5 cxd5 18. Rab1 Rc8 19. c3 d4 20. cxd4 Bxd4
21. Re4 Rfd8 22. g4 Rc2 23. Be5 Bxe5 24. Rxe5 Rdd2 25. Rf1 Rxb2 26. a4 Rd4 27.
Ra5 Rxg4+ 28. Kh1 Ra2 29. Rxa6 Raxa4 30. Rxa4 Rxa4 31. Kg2 Kg7 32. Kg3 Kf6 33.
Re1 Kf5 34. f3 h5 35. h4 e5 36. Rc1 f6 37. Rf1 g5 38. hxg5 fxg5 39. Re1 h4+ 40.
Kh3 Kf4 41. Kg2 e4 42. fxe4 Rxe4 43. Rf1+ Kg4 44. Kh2 Re2+ 45. Kh1 Kg3 46. Rg1+
Kf4 47. Rf1+ Kg3 48. Rg1+ Kh3 49. Rxg5 Re1+ 50. Rg1 Rxg1+ 51. Kxg1 1/2-1/2

[Event "Club Championship 2022 Swiss"]
[Site "Wellington Chess Club"]
[Date "2022.11.03"]
[Round "6.12"]
[White "Farrington, Lawrence"]
[Black "Qu, Lucas"]
[Result "0-1"]
[WhiteElo "1600"]
[BlackElo "1271"]

1. e4 e5 2. Nf3 Nc6 3. Nc3 Nf6 4. Bb5 Nd4 5. O-O c6 6. Bc4 b5 7. Bb3 Qc7 8. Ng5
Nxb3 9. axb3 h6 10. Nf3 Bb7 11. d3 a5 12. Bd2 Bd6 13. Nh4 g6 14. Qc1 Ng8 15.
Qd1 Ne7 16. Qc1 g5 17. Nf5 Nxf5 18. exf5 f6 19. Ne4 Be7 20. Qd1 h5 21. Be3 d6
22. f3 c5 23. Qe2 b4 24. Rfd1 d5 25. Nf2 Bd6 26. c3 Kf7 27. h3 Rhg8 28. d4 exd4
29. cxd4 Rae8 30. Qd3 c4 31. bxc4 dxc4 32. Qd2 Bh2+ 33. Kh1 c3 34. bxc3 bxc3
35. Qa2+ Kg7 36. Re1 Ra8 37. Rac1 Bg3 38. Re2 g4 39. hxg4 Bxf2 40. Rxf2 hxg4
41. fxg4 Rh8+ 42. Kg1 Qh2+ 43. Kf1 Ba6+ 44. Re2 Bxe2+ 45. Qxe2 Rhe8 46. Rxc3 a4
47. Qf3 a3 48. Bg1 Qd6 49. Qb7+ Qe7 50. Rc7 Qxc7 51. Qxc7+ Kh8 52. Qc1 Kg8 53.
Qa1 a2 54. d5 Reb8 55. Bd4 Rb1+ 56. Ke2 Rxa1 57. Bxa1 Kf7 58. Kd3 Rb8 59. Kc4
Rb1 60. Bd4 a1=Q 61. Bxa1 Rxa1 62. Kc5 Ra2 63. Kc6 Rxg2 64. Kc7 Rd2 65. d6 Rd3
66. Kd7 Rd4 67. Kc6 Ke8 68. Kc7 Rd1 69. Kc6 Kd8 70. g5 fxg5 71. f6 Rf1 72. Kd5
Rxf6 73. Ke5 Rf1 74. Ke6 0-1

[Event "Club Championship 2022 Swiss"]
[Site "Wellington Chess Club"]
[Date "2022.11.03"]
[Round "6.13"]
[White "Nazeer, Afique"]
[Black "Darr, Samuel"]
[Result "1-0"]
[WhiteElo "1500"]
[BlackElo "1546"]

1. d4 d5 2. c4 e6 3. Nf3 Nf6 4. Bg5 Nbd7 5. e3 h6 6. Bh4 c6 7. a3 Be7 8. Nc3 b6
9. Be2 a5 10. Qc2 Ba6 11. cxd5 Bxe2 12. Qxe2 exd5 13. O-O O-O 14. h3 Re8 15.
Nh2 Rb8 16. Bg3 Rb7 17. Ng4 Nxg4 18. Qxg4 Nf6 19. Qf3 Bd6 20. Bh4 Be7 21. Ne2
Ne4 22. Bxe7 Rbxe7 23. Rfd1 Ng5 24. Qg4 Re4 25. Nf4 Nh7 26. Qf3 Ng5 27. Qg3 Qf6
28. Rd3 a4 29. Rc1 Qd6 30. Rcc3 Rc8 31. Ne2 Qxg3 32. Nxg3 Re7 33. f3 Kf8 34. b4
Ne6 35. Rd2 Rd7 36. e4 dxe4 37. fxe4 Rxd4 38. Rdc2 Rd1+ 39. Kh2 Nd4 40. Rf2 Ke7
41. Rc4 b5 42. Rxd4 1-0

[Event "Club Championship 2022 Swiss"]
[Site "Wellington Chess Club"]
[Date "2022.11.03"]
[Round "6.14"]
[White "Mangera, Mohammad"]
[Black "Ulm, Eric"]
[Result "1/2-1/2"]
[WhiteElo "1510"]
[BlackElo "1500"]

1. e4 e6 2. d4 d5 3. e5 c5 4. c3 Qb6 5. Nf3 Ne7 6. c4 cxd4 7. Nxd4 Nbc6 8. Nxc6
Nxc6 9. cxd5 Nxe5 10. dxe6 Qxe6 11. Bb5+ Bd7 12. Bxd7+ Nxd7+ 13. Be3 Bb4+ 14.
Nd2 O-O 15. O-O a6 16. Re1 Qd6 17. a3 Bc5 18. Bxc5 Nxc5 19. Nc4 Qxd1 20. Raxd1
Ne6 21. Rd7 Nc5 22. Rc7 Rac8 23. Rxc8 Rxc8 24. Rd1 h6 25. g3 Re8 1/2-1/2

[Event "Club Championship 2022 Swiss"]
[Site "Wellington Chess Club"]
[Date "2022.11.03"]
[Round "6.16"]
[White "Hooper, John"]
[Black "Wang, Justin"]
[Result "1-0"]
[WhiteElo "1247"]
[BlackElo "1500"]

1. d4 Nf6 2. c4 c6 3. g3 d5 4. Qc2 g6 5. Bg2 Bg7 6. Nf3 O-O 7. O-O dxc4 8. Qxc4
b5 9. Qb4 Nd5 10. Qd2 Nd7 11. Nc3 Qa5 12. Nxd5 Qxd2 13. Nxe7+ Kh8 14. Bxd2 Bb7
15. Bb4 Rfe8 16. Bd6 Bf6 17. Nxg6+ fxg6 18. Rfe1 a5 19. e4 c5 20. e5 Be7 21.
Bxe7 Rxe7 22. e6 Nf8 23. Ng5 Bxg2 24. Kxg2 cxd4 25. Rad1 Rd8 26. Re4 d3 27. Rd2
Rd6 28. Nf7+ Rxf7 29. exf7 Kg7 30. Rf4 b4 31. b3 Ne6 32. Rf3 Rd8 33. Rdxd3 Rxd3
34. Rxd3 Kxf7 35. Rd7+ Kg8 36. Ra7 Ng5 37. Rxa5 Ne4 38. Rb5 Nc3 39. Rxb4 Nxa2
40. Rc4 Kg7 41. b4 Nxb4 42. Rxb4 h5 43. h4 Kh6 44. f4 Kg7 45. Rb5 Kf6 46. Kf3
Kg7 47. g4 hxg4+ 48. Kxg4 Kh6 49. Rb6 Kg7 50. h5 gxh5+ 51. Kxh5 Kf7 52. Kg5 Ke7
53. Kg6 Kd7 54. f5 Ke7 55. f6+ Ke8 56. Rb8+ Kd7 57. f7 Kc7 58. f8=Q Kc6 59. Rd8
Kc7 60. Qd6+ Kb7 61. Rd7+ Kc8 62. Qc7# 1-0

[Event "Club Championship 2022 Swiss"]
[Site "Wellington Chess Club"]
[Date "2022.11.03"]
[Round "6.17"]
[White "He, Jacob"]
[Black "Saglam, Azra"]
[Result "0-1"]
[WhiteElo "1500"]
[BlackElo "1500"]

1. e4 c6 2. d4 d5 3. Nc3 dxe4 4. Nxe4 Bf5 5. Ng3 Bg6 6. Be3 Nf6 7. Be2 e6 8.
Qd2 Bd6 9. O-O-O Ne4 10. Nxe4 Bxe4 11. Nf3 Nd7 12. b3 O-O 13. Qc3 b5 14. b4 Qc7
15. Nh4 Nb6 16. f3 Bd5 17. Rd3 Bxa2 18. Qa3 Bc4 19. Rd2 Bxe2 20. Rxe2 Nc4 21.
Qd3 Nxe3 22. Rxe3 Bf4 23. Re1 Bxe3+ 24. Rxe3 Qxh2 25. Re4 Qh1+ 26. Kd2 Rad8 27.
g3 Qh2+ 28. Kc3 Qxg3 29. Ng2 Qxg2 30. Rh4 Qg6 31. Qd2 Rd7 32. f4 Qg3+ 33. Qd3
Qxh4 34. Qe3 Rc8 35. Qe4 Rcd8 36. Kd3 Rxd4+ 0-1

[Event "Club Championship 2022 Swiss"]
[Site "Wellington Chess Club"]
[Date "2022.11.03"]
[Round "6.18"]
[White "Asher, Bruce"]
[Black "He, Zachary"]
[Result "1-0"]
[WhiteElo "1056"]
[BlackElo "1500"]

1. d4 Nf6 2. c4 g6 3. Nc3 Bg7 4. Nf3 O-O 5. Bf4 d6 6. e3 Bg4 7. Be2 d5 8. h3
Bxf3 9. Bxf3 Nc6 10. cxd5 Nxd5 11. Nxd5 e5 12. dxe5 Nxe5 13. Be4 Nc4 14. Rc1
Nxb2 15. Qc2 Rc8 16. Bxc7 Qe8 17. O-O f5 18. Bf3 Rf7 19. Qb3 Be5 20. Bxe5 Rxc1
21. Qxb2 Rxf1+ 22. Kxf1 Qe6 23. Nf6+ Kf8 24. Qb4+ Kg7 25. Nh5+ Kg8 26. Nf6+ Kg7
27. Bd5 Qxe5 28. Bxf7 Qxf6 29. Bd5 Kh6 30. Qxb7 Qa1+ 31. Ke2 g5 32. Qf7 Qb2+
33. Kd3 Qb1+ 34. Kd4 Qb4+ 35. Ke5 Qb2+ 36. Ke6 Qb6+ 37. Kxf5 Qb1+ 38. Kg4 Qb4+
39. Bc4 Qb3 40. Qf6# 1-0

[Event "Club Championship 2022 Swiss"]
[Site "Wellington Chess Club"]
[Date "2022.11.03"]
[Round "6.19"]
[White "Mavaram, Eashan"]
[Black "Fairbrother, Rebecca"]
[Result "1-0"]
[WhiteElo "1349"]
[BlackElo "1500"]

1. d4 d5 2. Bf4 e6 3. e3 Bb4+ 4. c3 Ba5 5. Nf3 Nf6 6. Nbd2 O-O 7. Bd3 a6 8. Ne5
Qe8 9. Ng4 Qe7 10. Nxf6+ Qxf6 11. Qh5 Qe7 12. Qxh7# 1-0

[Event "Club Championship 2022 A grade"]
[Site "Wellington Chess Club"]
[Date "2022.11.10"]
[Round "7.1"]
[White "Archer, Ollie"]
[Black "Tanoi, T Edward"]
[Result "1-0"]
[WhiteElo "2184"]
[BlackElo "1984"]

1. d4 Nf6 2. c4 c5 3. d5 d6 4. Nc3 e6 5. Nf3 exd5 6. cxd5 g6 7. Bf4 Bg7 8. Qa4+
Bd7 9. Qb3 Qc7 10. e4 O-O 11. Nd2 Re8 12. Be2 Bg4 13. Nb5 Qd7 14. f3 Bh5 15.
Nxd6 g5 16. Nxe8 gxf4 17. Nxg7 Kxg7 18. Qb5 Qxb5 19. Bxb5 a6 20. Be2 Nbd7 21.
a4 Rb8 22. a5 Ne5 23. g3 fxg3 24. hxg3 h6 25. f4 Bxe2 26. fxe5 Nxe4 27. Nxe4
Bf3 28. Rh4 1-0

[Event "Club Championship 2022 A grade"]
[Site "Wellington Chess Club"]
[Date "2022.11.10"]
[Round "7.2"]
[White "Ker, Anthony"]
[Black "Winter, Ryan"]
[Result "1-0"]
[WhiteElo "2428"]
[BlackElo "2195"]

1. e4 c6 2. d4 d5 3. exd5 cxd5 4. Bd3 Nc6 5. c3 g6 6. Nf3 Bf5 7. Bxf5 gxf5 8.
Bf4 e6 9. Qb3 Qc8 10. Nbd2 Nf6 11. O-O Be7 12. Be5 O-O 13. Bxf6 Bxf6 14. Rae1
Qc7 15. Re3 Kh8 16. Rfe1 Rg8 17. Ne5 Bxe5 18. dxe5 Rg4 19. f3 f4 20. fxg4 fxe3
21. Nf3 Rg8 22. h3 Nxe5 23. Nxe5 Qxe5 24. Qxb7 f5 25. Qxa7 fxg4 26. Rxe3 Qf5
27. Qd4+ Rg7 28. hxg4 Qb1+ 29. Kh2 Qg6 30. Rf3 h6 31. Rf6 Qg5 32. Rxe6 h5 33.
Re5 Qh4+ 34. Kg1 hxg4 35. Qxd5 1-0

[Event "Club Championship 2022 A grade"]
[Site "Wellington Chess Club"]
[Date "2022.11.10"]
[Round "7.3"]
[White "Forster, Bill"]
[Black "Croad, Nic"]
[Result "0-1"]
[WhiteElo "2035"]
[BlackElo "2439"]

1. d4 Nf6 2. Nc3 d5 3. e4 dxe4 4. Bg5 Bg4 5. Be2 Bf5 6. f3 Nbd7 7. Bc4 c6 8.
Qe2 exf3 9. Nxf3 e6 10. O-O Be7 11. Rae1 O-O 12. Nd1 Qb6 13. c3 Rae8 14. Nf2 a6
15. Nh4 Bg6 16. Nxg6 hxg6 17. Nd3 Bd6 18. Kh1 c5 19. dxc5 Nxc5 20. Bxf6 gxf6
21. Rxf6 Kg7 22. Ref1 Nd7 23. R6f3 Qc7 24. Nf4 Ne5 25. Rg3 Qxc4 26. Qxc4 Nxc4
27. Nh5+ Kh6 28. Rh3 gxh5 29. g4 Kg7 30. gxh5 f5 0-1

[Event "Club Championship 2022 A grade"]
[Site "Wellington Chess Club"]
[Date "2022.11.10"]
[Round "7.4"]
[White "Cilia Vincenti, David"]
[Black "Pomeroy, Arthur"]
[Result "1-0"]
[WhiteElo "2125"]
[BlackElo "2022"]

1. d4 Nf6 2. c4 g6 3. Nc3 Bg7 4. e4 O-O 5. h3 d6 6. Be3 e5 7. d5 Na6 8. g4 Nc5
9. f3 c6 10. Qd2 cxd5 11. cxd5 a5 12. Nge2 a4 13. Ng3 a3 14. b3 Bd7 15. h4 Qa5
16. h5 Rfc8 17. Rc1 Nxb3 18. axb3 a2 19. Nxa2 Qxa2 20. Rxc8+ Bxc8 21. Qxa2 Rxa2
22. hxg6 hxg6 23. Be2 Ra1+ 24. Kd2 Rxh1 25. Nxh1 Ne8 26. Kc3 f5 27. Kb4 fxg4
28. fxg4 Nf6 29. Nf2 Kf7 30. Ka5 Ke8 31. Kb6 Kd8 32. Bg5 Bh8 33. Nd1 Ke8 34.
Bxf6 Bxf6 35. Kc7 Bd7 36. Kxb7 Kd8 37. b4 Be7 38. b5 1-0

[Event "Club Championship 2022 A grade"]
[Site "Wellington Chess Club"]
[Date "2022.11.10"]
[Round "7.5"]
[White "Van der Hoorn, Thomas"]
[Black "Dive, Russell"]
[Result "1-0"]
[WhiteElo "2056"]
[BlackElo "2384"]

1. e4 d5 2. exd5 Nf6 3. d4 Nxd5 4. Nf3 Bf5 5. Bd3 Bxd3 6. Qxd3 Nc6 7. Bd2 e6 8.
O-O Be7 9. c4 Nf6 10. Bc3 O-O 11. Nbd2 Qd6 12. Ne4 Qf4 13. Rfe1 Rad8 14. Rad1
Rd7 15. Nxf6+ Bxf6 16. d5 Bxc3 17. Qxc3 Rfd8 18. Qb3 Ne7 19. dxe6 Rxd1 20.
exf7+ Kxf7 21. Rxd1 Rxd1+ 22. Qxd1 Kf6 23. b3 Nc6 24. h3 h6 25. Qa1+ Kf7 26.
Qc3 Qe4 27. Qd2 Ke6 28. Qe3 Qxe3 29. fxe3 Nb4 30. a3 Nd3 31. Kf1 c5 32. Nd2 Ke5
33. Ke2 Nc1+ 34. Kd1 Nd3 35. Nf3+ Ke4 36. Kd2 a5 37. Ng1 Ne5 38. Ne2 Ng6 39.
Nc3+ Ke5 40. Na4 Kd6 41. Kd3 Nh4 42. g4 Nf3 43. Nc3 Ke5 44. Nd1 Ne1+ 45. Ke2
Nc2 46. Kd2 Nxa3 47. Nc3 Kd6 48. Kc1 {Black lost on time (and position)} 1-0

[Event "Club Championship 2022 B grade"]
[Site "Wellington Chess Club"]
[Date "2022.11.10"]
[Round "7.2"]
[White "Benitez, Edgar"]
[Black "Ackroyd, William"]
[Result "1-0"]
[WhiteElo "1952"]
[BlackElo "1866"]

1. d4 Nf6 2. Bf4 Nh5 3. Bg5 h6 4. Bh4 g5 5. Bg3 Nxg3 6. hxg3 Bg7 7. e3 d5 8. c4
c6 9. Nc3 e6 10. Bd3 Nd7 11. f4 dxc4 12. Bxc4 c5 13. Nge2 cxd4 14. Nxd4 Nb6 15.
Bb3 Bd7 16. Qf3 Bxd4 17. exd4 Bc6 18. Qf2 g4 19. O-O-O Nd5 20. Rh5 Nf6 21. Re5
Nd7 22. Ree1 1-0

[Event "Club Championship 2022 B grade"]
[Site "Wellington Chess Club"]
[Date "2022.11.10"]
[Round "7.3"]
[White "Chen, Wei Kai"]
[Black "Young, Cohen"]
[Result "0-1"]
[WhiteElo "1966"]
[BlackElo "1931"]

1. e4 c5 2. Nf3 d6 3. d4 cxd4 4. Nxd4 Nf6 5. Nc3 g6 6. Bc4 Bg7 7. O-O O-O 8.
Re1 Nc6 9. Nxc6 bxc6 10. Bg5 h6 11. Bh4 Qb6 12. Bb3 Rd8 13. h3 e6 14. Qf3 g5
15. Bg3 e5 16. Rad1 g4 17. Qd3 gxh3 18. Bh4 h2+ 19. Kxh2 Ng4+ 20. Kg1 Bf6 21.
Na4 Qc7 22. Bxf6 Nxf6 23. Qg3+ Kh7 24. Qh4 Qe7 25. Rd3 Rg8 26. Rf3 Rg6 27. Nc3
Bg4 28. Rg3 Rag8 29. Nd1 Bxd1 30. Rxg6 Rxg6 31. Rxd1 Rg4 32. Qh3 Rxe4 33. Qd3
Kg7 34. Qxd6 Re1+ 35. Kh2 Ng4+ 36. Kg3 Qg5 37. Rd4 Ne3+ 38. Kf3 Qxg2# 0-1

[Event "Club Championship 2022 B grade"]
[Site "Wellington Chess Club"]
[Date "2022.11.10"]
[Round "7.4"]
[White "Winsley, Nicholas"]
[Black "Aldridge, Alan"]
[Result "1-0"]
[WhiteElo "1943"]
[BlackElo "1806"]

1. d4 Nf6 2. c4 e6 3. Nc3 Bb4 4. Qc2 c5 5. e3 O-O 6. Nf3 Nc6 7. Bd3 d5 8. a3
Bxc3+ 9. bxc3 Qc7 10. e4 cxd4 11. exd5 exd5 12. cxd5 Re8+ 13. Kf1 Ne5 14. Bf4
Nxd5 15. Bxe5 Rxe5 16. Nxe5 Ne3+ 17. fxe3 Qxe5 18. exd4 Qh5 19. Rb1 h6 20. Be2
Qg5 21. Qe4 1-0

[Event "Club Championship 2022 B grade"]
[Site "Wellington Chess Club"]
[Date "2022.11.10"]
[Round "7.5"]
[White "Jackson, Ross"]
[Black "Rossiter, Philip"]
[Result "0-1"]
[WhiteElo "1904"]
[BlackElo "1839"]

1. d4 Nf6 2. c4 e6 3. Nc3 Bb4 4. Nf3 b6 5. Bg5 d6 6. Qc2 Nbd7 7. e3 Bb7 8. Bd3
h6 9. Bh4 g5 10. Bg3 Qe7 11. a3 Bxc3+ 12. Qxc3 O-O-O 13. O-O-O Nh5 14. e4 Nxg3
15. hxg3 g4 16. Nd2 Qg5 17. Rhg1 f5 18. Kb1 f4 19. gxf4 Qxf4 20. f3 gxf3 21.
gxf3 Rdg8 22. d5 e5 23. Bc2 h5 24. Rh1 h4 25. Rh3 Rg3 26. Rdh1 Rxh3 27. Rxh3
Rg8 28. Nf1 Rg1 29. Qe1 Nf6 30. Qf2 Qg5 31. Bd3 Nh5 32. Rxh4 Nf4 33. Bc2 0-1

[Event "Club Championship 2022 Swiss"]
[Site "Wellington Chess Club"]
[Date "2022.11.10"]
[Round "7.1"]
[White "Sole, Michael"]
[Black "Webster, Jamie"]
[Result "1-0"]
[WhiteElo "2149"]
[BlackElo "1702"]

1. e4 e5 2. Nf3 Nc6 3. Bb5 a6 4. Ba4 Nf6 5. O-O Be7 6. d3 b5 7. Bb3 d6 8. c3
O-O 9. a4 Na5 10. Bc2 c5 11. axb5 Qb6 12. bxa6 Rxa6 13. Na3 Be6 14. Nd2 Rfa8
15. Re1 Bf8 16. h3 g6 17. Rb1 Nc6 18. Nac4 Qd8 19. Qf3 Nh5 20. Ne3 Ne7 21. Ndf1
Qd7 22. Nh2 Bg7 23. Nhg4 f5 24. exf5 Nxf5 25. Qd1 Nf4 26. Bb3 Kh8 27. Bxe6 Nxe6
28. Nd5 Rf8 29. Qb3 Qf7 30. Re2 Ng3 31. Re1 Nf5 32. Qc4 Raa8 33. Be3 h5 34. Nh2
Nxe3 35. fxe3 Qf2+ 36. Kh1 Qd2 37. Qe4 Kh7 38. Ne7 Rf6 39. Qxa8 Ng5 40. Rf1
Nxh3 41. Rxf6 Bxf6 42. Qg8+ Kh6 43. Qxg6# 1-0